00411nam a2200157Ia 4500003000400000005001700004008004100021020001800062040000900080082001800089100002100107245005100128250001200179260005300191300000900244OSt20200519101818.0190216s9999||||xx |||||||||||||| ||und|| a9798174352603 coclc a297.61bBUK/O aBukhsh, S Khuda  4aThe Orient Under The Caliphs /cS Khuda Bukhsh a1st Ed. bAdam Publishers&Distributors,aNew Delhi:c1920. a463p